Finančná kondícia slovenských podnikov v rokoch 2001-2005

Problematika vývoja finančnej situácie slovenských podnikov od roku 1993 až 2001 a 2005. Početnosť a štruktúra podnikov. Vývoj ziskovosti, resp. stratovosti podnikov. Prehľad vybraných pomerových ukazovateľov. Úroveň a vývoj likvidity. Úroveň a vývoj výkonnosti. Porovnanie výsledkov slovenských a če...

Description complète

Enregistré dans:
Détails bibliographiques
Auteur principal: Zalai, Karol
Format: Chapitre de livre
Langue:slovaque
Sujets:
Tags: Ajouter un tag
Pas de tags, Soyez le premier à ajouter un tag!

MARC

LEADER 00000naa$a2200000$$$4500
001 0053022
005 20240502071618.3
041 0 |a slo 
044 |a SK 
245 1 0 |a Finančná kondícia slovenských podnikov v rokoch 2001-2005  |c Karol Zalai 
520 |a Problematika vývoja finančnej situácie slovenských podnikov od roku 1993 až 2001 a 2005. Početnosť a štruktúra podnikov. Vývoj ziskovosti, resp. stratovosti podnikov. Prehľad vybraných pomerových ukazovateľov. Úroveň a vývoj likvidity. Úroveň a vývoj výkonnosti. Porovnanie výsledkov slovenských a českých podnikov. 
610 2 0 |a Slovensko 
610 2 0 |a výkonnosť 
610 2 0 |a podnik 
610 2 0 |a zisk podnikový 
610 2 0 |a ukazovatele finančné 
610 2 0 |a ukazovatele efektívnosti 
610 2 0 |a Česko 
610 2 0 |a analýza ekonomická 
100 1 |a Zalai, Karol